| 000 | 00761nam a2200265 a 4500 | ||
|---|---|---|---|
| 001 | 58053 | ||
| 003 | BD-RjUL | ||
| 005 | 20211209080600.0 | ||
| 008 | 161215s1970 enk b 001 0 eng | ||
| 020 | _a058248751X | ||
| 035 | _a(BD-RjUL)58177 | ||
| 040 |
_aDLC _cDLC _d(BD-RjUL) _beng |
||
| 041 | _aeng | ||
| 082 | 0 | 0 |
_a329.0230942 _223 _bKAC 1970 |
| 100 | 1 |
_aKavanagh, Dennis. _9172423 |
|
| 245 | 1 | 0 |
_aConstituency electioneering in Britain / _cDennis. Kavanagh, |
| 260 |
_aHarlow : _bLongmans, _cc1970. |
||
| 300 |
_axi, 118 p. ; _c22 cm. |
||
| 350 | _a20/- | ||
| 490 | 0 | _aMonographs in politics | |
| 504 | _aIncludes bibliographical references. | ||
| 650 | 0 |
_aPolitical campaigns _zGreat Britain. _9172424 |
|
| 942 |
_2ddc _cBK |
||
| 999 |
_c58053 _d58053 |
||